000 00453nam a2200193Ia 4500
003 GCL
008 140319s9999 xx 000 0 eng d
040 _aGCL /
_cGCL
082 0 4 _a822
_bJ V
100 1 _aJONSON, BEN
245 1 0 _aVOLPONE /
_cJONSON, BEN
260 _a[S.N] :
_bYORK PRESS ،
_c1988
300 _a199 P P
650 0 4 _aENGLISH LITERATURE
650 0 4 _aTHEATER
650 0 4 _aDRAMA
650 0 4 _aENGLISH THEATER
942 _2ddc
_cBK
999 _c18150
_d18150